header

City schools (Record no. 25057)

MARC details
000 -LEADER
fixed length control field 01273pam a2200325Ia 4500
245 00 - TITLE STATEMENT
Title City schools
260 ## - PUBLICATION, DISTRIBUTION, ETC. (IMPRINT)
Place of publication Baltimore :
Name of publisher Johns Hopkins University Press,
Year of publication c2000.
300 ## - PHYSICAL DESCRIPTION
Number of Pages xiv, 425 p.
500 ## - GENERAL NOTE
General note Includes index.
650 #0 - SUBJECT ADDED ENTRY--TOPICAL TERM
Topical Term Education, Urban
Topical Term Education, Elementary.
700 1# - ADDED ENTRY--PERSONAL NAME
Personal name Ravitch, Diane.
Personal name Viteritti, Joseph P.,
856 40 - ELECTRONIC LOCATION AND ACCESS
Uniform Resource Identifier http://site.ebrary.com/lib/rucke/Doc?id=10021502

No items available.

© 2026 Rongo University
Contact us: librarian | system librarian | Rongo university